| 000 | 01096nam a22002417a 4500 | ||
|---|---|---|---|
| 005 | 20120614170415.0 | ||
| 008 | 081007t xxu||||| |||| 00| 0 mar d | ||
| 010 | _aMAR-22231 | ||
| 020 |
_c150.00 _a8189634518 |
||
| 035 | _aMR-14889 | ||
| 037 | _bD.B.Act /pub | ||
| 082 | _a921 | ||
| 100 |
_aइर्लेकर, यशवंत बळवंत _949115 |
||
| 245 |
_aशासकीय सेवेतील माझे दिवस / _cयशवंत बळवंत इर्लेकर |
||
| 246 |
_aShaskiya Sevetale Majhe Divas _bby Yashwant Balwant Irlekar |
||
| 260 |
_aपुणे _bस्नेहवर्धन प्रकाशन _c2008 |
||
| 270 |
_bपुणे _a863,सदाशिव पेठ _e411030 |
||
| 300 |
_a158पृ _c22सेमी (अजिल्द) |
||
| 650 |
_aआत्मचरित्र _949453 |
||
| 650 |
_aAutobiography _949454 |
||
| 942 |
_2ddc _cMR _mइर्लेक _h921 |
||
| 999 |
_c68128 _d68128 |
||